LEADER 00981nam a2200241 i 4500 001 000000202366 003 CaOOAMICUS 005 20110521000000.0 008 110521s1971 it u000 u ita u 013 $a181074 040 $aSeMil$bita 100 1 $aDe Benedetti, Fabrizio.$0(OLS)http://semarc/name/73138 245 13$aIl potere militare in Italia /$cFabrizio De Benedetti ... [et al.] ; prefazione di Enzo Forcella. 260 $aBari :$bLaterza,$c1971. 300 $aXXII, 277 p. ;$c18 cm. 490 0 $aTempi nuovi ;$v43 650 4$aForze armate italiane.$0(OLS)http://semarc/subject/38048 700 1 $aForcella, Enzo.$0(OLS)http://semarc/name/44038 830 0$aTempi nuovi ;$v43.$0(OLS)http://semarc/title/6928 850 $aSeMil 852 $aSeMil$W1$xVenegono$y1$m3U I 396$j152889$B152889$CSeMilBibl$Z2$F163908 $81 996 $6245$aIl potere militare in Italia$9(OLS)http://semarc/title/292953 996 $6260$aBari :$bLaterza$9(OLS)http://semarc/publisher/29858 LEADER 01050nam a2200241 i 4500 001 000000009781 003 CaOOAMICUS 005 20180830125440.0 008 180830s1975 fr u000 u und u 040 $aSeMil$bita 100 0 $aTertullianus, Quintus Septimius Florens,$d.$0(OLS)http://semarc/name/1146 245 13$aLa chair du Christ /$cTertullien. 260 $aParis :$bLes Éditions du Cerf,$c1975. 300 $a2 v. (477 p.) ;$c20 cm. 500 $aDalla biblioteca del card. Giovanni Colombo. 773 0 $tSources chrétiennes.$dParis : Les Éditions du Cerf, 1941-$kSources chrétiennes$x0750-1978$w()41 774 0 $tIntroduction, texte critique, traduction et commentaire.$kSources chrétiennes$gTome1$w()92497 774 0 $tCommentaire et index.$kSources chrétiennes$gTome2$w()92512 900 0 $aTertulliano,$d. 941 1 $a3 996 $6245$aLa chair du Christ$9(OLS)http://semarc/title/12929 996 $6260$aParis :$bLes Éditions du Cerf$9(OLS)http://semarc/publisher/29611